000 00269nam a2200109Ia 4500
008 220204s9999 xx 000 0 und d
082 _a82-3
_bBER
100 _aBern, Eric
245 0 _aWhat do you say after you say hello
260 _aBritain
_bCorgi
_c1983
942 _cBK
999 _c38622
_d38622